| 000 | 01001nam a22002897a 4500 | ||
|---|---|---|---|
| 001 | 5075 | ||
| 003 | FISKH | ||
| 005 | 20241105084436.0 | ||
| 008 | 241105b cb ||||| |||| 00| 0 eng d | ||
| 020 | _a9780439944014 | ||
| 040 |
_aFISKH _beng _cFISKH _dFISKH |
||
| 050 | _aD102.D43718 | ||
| 082 | _a940.1 | ||
| 100 | _aDeary, Terry | ||
| 245 |
_aThe Measly Middle Ages / _cby Terry Deary : illustrated by Martin Brown |
||
| 260 |
_aNew York : _bScholastic ; _c1996 . |
||
| 300 |
_a140 pages : _billustrations ; _c21 cm . |
||
| 490 | _aHorrible Histories | ||
| 505 | _aW | ||
| 520 | _a"All the foul facts about the Measly Middle Ages are ready to uncover, including why chickens had their bottoms shaved, a genuine jester's joke and what ten-year-old treacle was used for..."--Publisher description. | ||
| 521 | 8 |
_a880
_bLexile |
|
| 521 | 8 |
_aW
_bRaz-Plus |
|
| 650 |
_aMiddle Ages _vnon-fiction |
||
| 700 |
_aBrown, Martin _eillustrator |
||
| 942 |
_2ddc _cBK _n0 |
||
| 999 |
_c5075 _d5075 |
||